000 00324nam a22001457a 4500
008 210506b ||||| |||| 00| 0 eng d
020 _a9781590598085
041 _aeng
080 _a004
082 _a004
100 _a28
101 _aSHKI
245 _aPro Share Point Solution Development
_cEd Hild
942 _2udc
_cBK
999 _c57086
_d57086